Argentinos famosos por imagen #2 - Estadísticas

Estadísticas generales
  • Esta prueba ha sido intentada 261 veces
  • La puntuación promedio es 12 de 20
Estadísticas de respuestas
Imagen Respuesta % Correcto
Ángel Di María
91%
Nicki Nicole
90%
Bizarrap
88%
Sergio Agüero
88%
Emilia
84%
Trueno
83%
María Becerra
82%
Tini Stoessel
77%
Gustavo Cerati
65%
Manu Ginóbili
62%
Mario Kempes
60%
Charly García
59%
Mercedes Sosa
58%
Fito Páez
52%
Isabel Perón
48%
Juan Manuel de Rosas
41%
Julio Cortázar
38%
Peter Lanzani
36%
Alejo Igoa
30%
Alfonsina Storni
16%
No se encontraron pruebas coincidentes
Distribución de puntuación
Porcentaje de gente con cada puntuación
Porcentaje por número respondido
Historial de tus puntuaciones
No has intentado esta prueba.